| 000 | 00599nam a22002057a 4500 | ||
|---|---|---|---|
| 005 | 20220919132214.0 | ||
| 008 | 220919b ||||| |||| 00| 0 eng d | ||
| 020 | _a9789389904291 | ||
| 040 |
_aIN-DiNC _cIN-DiNC |
||
| 041 | _deng | ||
| 082 |
_a411 _bDHA |
||
| 100 |
_aDharisini, S Priya _eauthor |
||
| 245 |
_aWriting skills-I/ _cby S Priya Dharisini and K Makeshwari |
||
| 250 | _a1st ed. rep. | ||
| 260 |
_aDibrugarh: _bMahaveer publications, _c2022 |
||
| 300 | _a127p. | ||
| 650 | _aWriting skill for first semester non honours course | ||
| 700 |
_aMakeshwari, K _eauthor |
||
| 942 |
_2ddc _cBK |
||
| 999 |
_c11378 _d11378 |
||